00660 2200217 4500001002100000005001500021035002000036007000300056008004100059020002200100082001600122084002200138100001900160245005100179250001600230260008500246300004500331650002600376650002200402856001800424INLIS00000000000007320250710121242 a0010-0725000073ta250710 a 0 ind  a978-602-437-774-8 a398.209 598 a398.209 598 ADH h0 aAdhayati, Tuti1 aHari Sabtu di Pasar Wulandoni /cTuti Adhayati aedisi kedua aJakarta Timur :bKementerian Pendidikan, Kebudayaan, Riset, dan Teknologi,c2023 a28 hlm. :bilus. ;c29,7 cme398.209 598 4aCerita Anak-Indonesia 4aKesusastraan Anak aTBM As Suhada